000 00776nam a2200253 a 4500
001 BRCA_4560
005 20190320204722.0
008 230910s1965----sp-#######---#000-0#spa-#
041 _aspa
044 _asp
050 4 _aN3455
_b.F467 1965
100 1 _aFernández Vega de Ferrandis, Pilar
_911548
245 1 0 _aGuía del Museo de América
_cPilar Fernández Vega Vda. de Ferrandis.
260 _aMadrid
_bDirección General de Bellas Artes
_c1965
300 _a170 p.
_bil., 40 láminas
_c20 cm.
500 _aEstado físico: Hojas desprendidas
500 _aCFG62
650 1 4 _aMuseo de América
_zMadrid
_911549
650 1 4 _aArte
_zEspaña
_92064
650 1 4 _aGalerías y museos
_zEspaña
_97331
650 1 4 _aArte colonial
_97904
902 _aGFM
942 _2lcc
_cB
999 _c4265
_d4265